000 00623nam a22001817a 4500
005 20260614150343.0
008 260614b |||||||| |||| 00| 0 eng d
020 _a9789960667300
040 _c.
082 _a811.9531 S528 2009
100 _aالسويداء , عبد الرحمن بن زيد
245 _aالوجيب :
_b/
_cعبد الرحمن بن زيد السويداء
250 _a1 ط
260 _bالسعودية , الرياض , دار السويداء للنشر والتوزيع , 2009
300 _a185 ص
_c23 سم
650 _zالشعر العربي - السعودية
942 _2ddc
_cBK-AR
_n0
999 _c8992
_d8992